Marília de dirceu (Record no. 182522)

MARC details
000 -LÍDER
campo de controle de tamanho fixo 00363 a2200169 4500
001 - NÚMERO DE CONTROLE
campo de controle 182522
020 ## - ISBN - INTERNATIONAL STANDARD BOOK NUMBER
ISBN - International Standard Book Number 85-00-31346-3-
040 ## - FONTE DA CATALOGAÇÃO
Instituição que transcreveu o registro Magnum
100 ## - ENTRADA PRINCIPAL--NOME PESSOAL
Nome pessoal Gonzaga, Tomás Antônio
240 10 - TÍTULO UNIFORME
Título uniforme Marília de dirceu
Idioma da obra por
245 10 - TÍTULO
Título Marília de dirceu
300 ## - DESCRIÇÃO FÍSICA
Extensão 122
362 0# - DATAS DE PUBLICAÇÃO E/OU DESIGNAÇÃO SEQUENCIAL
Datas de publicação e/ou designação sequencial 1998
440 #1 - DECLARAÇÃO DE SÉRIE/ENTRADA ADICIONADA--TÍTULO
Título Ediouro
697 ## - ENTRADA DE ASSUNTO LOCAL--ENTIDADE COLETIVA (RLIN)
Nome corporativo ou nome da jurisdição LITERATURA GERAL
942 ## - ELEMENTOS DE ENTRADA ADICIONADOS (KOHA)
Tipo de material Koha Livros
Holdings
Situação do descarte Situação das perdas Situação física Não pode ser emprestado Biblioteca de origem Biblioteca atual Data de aquisição Total de empréstimos Número de chamada completo Código de barras Data de último acesso Data do preço efetivo Tipo de material Koha
        Magnum Magnum 08/06/2024   869.4.107 MAG00034561 08/06/2024 08/06/2024 Livros
        Magnum Magnum 08/06/2024   869.4.107 MAG00034562 08/06/2024 08/06/2024 Livros
        Magnum Magnum 08/06/2024   869.4.107 MAG00034563 08/06/2024 08/06/2024 Livros
        Magnum Magnum 08/06/2024   869.4.107 MAG00034564 08/06/2024 08/06/2024 Livros
        Magnum Magnum 08/06/2024   869.4.107 MAG00034565 08/06/2024 08/06/2024 Livros
        Magnum Magnum 08/06/2024   869.4.107 MAG00034566 08/06/2024 08/06/2024 Livros
        Magnum Magnum 08/06/2024   869.4.107 MAG00034567 08/06/2024 08/06/2024 Livros
        Magnum Magnum 08/06/2024   869.4.107 MAG00034568 08/06/2024 08/06/2024 Livros
        Magnum Magnum 08/06/2024   869.4.705 MAG00067907 08/06/2024 08/06/2024 Livros